- García Ponce, Juan,
Entry Nombre Personal
001 - NUMERO DE CONTROL
- campo de control: 44064
003 - IDENTIFICADOR DE NUMERO DE CONTROL
- campo de control: DLC
005 - FECHA Y HORA DE LA ÜLTIMA TRANSACCIÓN
- campo de control: 20220331102154.0
008 - DATOS DE LONGITUD FIJA
- campo de control de longitud fija: 220331n| azannaabn |a aaa
010 ## - NÚMERO DE CONTROL DE LA BIBLIOTECA DEL CONGRESO
- Número de control LC: n 50016874
035 ## - NUMERO DE CONTROL
- Número de control: (OCoLC)oca00052325
040 ## - FUENTE DE CATALOGACIÓN
- Agencia original de catalogación: DLC
- Lenguaje de catalogación: spa
- Description conventions: rda
- Agencia de transcripción: DLC
- Agencia que lo modifica: DLC
- Agencia que lo modifica: OCoLC
- Agencia que lo modifica: CSt
- Agencia que lo modifica: DLC
046 ## - FECHAS CON CODIFICACIÓN ESPECIAL
- Fecha de nacimiento: 19320922
- Fecha de muerte: 20031227
053 #0 - NÚMERO DE CLASIFICACIÓN LC
- Número de clasificación elemento-número único o número inicial de tramo: PQ7298.17.A7
100 1# - ENCABEZAMIENTO - NOMBRE PERSONAL
- Nombre personal: García Ponce, Juan,
- Fechas asociadas con el nombre: 1932-2003
370 ## - LUGAR ASOCIADO
- Place of birth: Mérida (México)
- Place of death: Ciudad de México (México)
- Fuente del término: naf
372 ## - CAMPO DE ACTIVIDAD
- Field of activity: Literatura mexicana
- Field of activity: Crítica de arte
- Fuente del término: lcsh
374 ## - OCUPACIÓN
- Occupation: Autor
- Occupation: Crítico de arte
- Occupation: Ensayista literario
- Occupation: Escritor de ficción
- Fuente del término: lcsh
375 ## - GÉNERO
- Gender: masculino
377 ## - LENGUA ASOCIADA
- Language code: spa
400 1# - VEÁSE - NOMBRE DE PERSONA
- Personal name: Ponce, Juan García
670 ## - FUENTE EN LA QUE SE LOCALIZARON DATOS
- Cita de la fuente: En su obra: Imagen primera, 1963.
670 ## - FUENTE EN LA QUE SE LOCALIZARON DATOS
- Cita de la fuente: Tajimara, 2001:
- Información localizada: portada (Juan García Ponce) reverso de la portada (n. 1932 in Mérida; fiction writer, literary essayist, art critic)
670 ## - FUENTE EN LA QUE SE LOCALIZARON DATOS
- Cita de la fuente: En su obra: Tajimara y otros cuentos eróticos, 2010:
- Información localizada: portada (Juan García Ponce) solapa (n. 1932, Mérida; m. 2003, México)
670 ## - FUENTE EN LA QUE SE LOCALIZARON DATOS
- Cita de la fuente: De la pintura, 2013:
- Información localizada: portada (Juan García Ponce) solapa delantera (n. Sept. 22, 1932, Yucatán; m. Dec. 27, 2003, Coyoacán)
902 ## - CATALOGADOR
- Catalogador: NDAF/220331
